000 00597nam a22002297a 4500
003 UA-OsUOA
001 64108
007 ta
008 20091029b un ||||| |||| 00| 0 ukr d
100 _aМоргенштерн И.Г.
090 _a01
_bМ79
942 _cBK
040 _aUA-OsUOA
_brus
_cUA-OsUOA
_dUA-OsUOA
245 _aЗанимательная библиография
300 _a256 с.
955 _a2
041 _arus
080 _a01
260 _aМ.
_c1987
650 7 _a01 Бібліографія і бібліографії. Каталоги
_2UDC
999 _c350352
_d350352